| 000 | 00442nam a2200169Ia 4500 | ||
|---|---|---|---|
| 008 | 230711s9999||||xx |||||||||||||| ||und|| | ||
| 020 | _a978-81-7409-054-1 | ||
| 041 | _aENG | ||
| 082 |
_a624 _bAG-E |
||
| 100 | _aAgor,R | ||
| 245 | 0 |
_aElements of Civil Engineering _bBasic Civil Engineering |
|
| 250 | _a6th 2nd reprint Ed. | ||
| 260 |
_c2015 _aNew Delhi _bKhanna Publishers |
||
| 300 | _a932p. | ||
| 650 | _aCivil Engineering | ||
| 942 | _cBK | ||
| 999 |
_c6916 _d6916 |
||